Input-output inter industry linkages a kľúčové odvetvia

Analýza vývoja štruktúry ekonomiky Slovenska. Analýza backward aj forward linkages a z nej následne vyplývajúcich kľúčových sektorov pre slovenskú ekonomiku za roky 2000 a 2005. Analýzu kľúčových odvetví slovenskej ekonomiky autorka uskutočnila prostredníctvom Chenery-Watanabe a Ramunssenovej metódy...

Descrizione completa

Salvato in:
Dettagli Bibliografici
Autore principale: Rumpelová, Daniela, 1982-
Natura: Capitolo di libro
Lingua:slovacco
Soggetti:
Tags: Aggiungi Tag
Nessun Tag, puoi essere il primo ad aggiungerne!!

MARC

LEADER 00000nla$a2200000$$$4500
001 0120298
005 20240502072340.4
041 0 |a slo 
044 |a SK 
245 1 0 |a Input-output inter industry linkages a kľúčové odvetvia  |c Daniela Rumpelová 
520 |a Analýza vývoja štruktúry ekonomiky Slovenska. Analýza backward aj forward linkages a z nej následne vyplývajúcich kľúčových sektorov pre slovenskú ekonomiku za roky 2000 a 2005. Analýzu kľúčových odvetví slovenskej ekonomiky autorka uskutočnila prostredníctvom Chenery-Watanabe a Ramunssenovej metódy. 
610 2 0 |a hospodárstvo národné 
610 2 0 |a Slovensko 
610 2 0 |a sektory hospodárske 
610 2 0 |a analýzy 
610 2 0 |a metódy 
100 1 |a Rumpelová, Daniela, 1982-